书目信息 |
| 题名: |
空间经济学教程
|
|
| 作者: | 安虎森 主编 | |
| 分册: | ||
| 出版信息: | 北京 经济科学出版社 2006 |
|
| 页数: | 348页 | |
| 开本: | 25cm | |
| 丛书名: | ||
| 单 册: | ||
| 中图分类: | F207 | |
| 科图分类: | ||
| 主题词: | 区域经济学--教材 , 区域经济学 | |
| 电子资源: | ||
| ISBN: | 7-5058-5996-X | |
| 000 | 00949nam0 2200277 450 | |
| 000 | 00956nam0 2200277 450 | |
| 000 | 00889nam0 2200253 450 | |
| 000 | 00853nam0 2200241 45 | |
| 005 | 20070518140106.98 | |
| 010 | @a7-5058-5996-X@dCNY29.00 | |
| 100 | @a20070326d2006 em y0chiy0120 ea | |
| 101 | 0 | @achi |
| 102 | @aCN@b110000 | |
| 105 | @ay z 000yy | |
| 200 | 1 | @a空间经济学教程@AKong Jian Jing Ji Xue Jiao Cheng@dA Textbook of Spatial Economics@f安虎森主编@FAn Hu Sen Zhu Bian@zeng |
| 210 | @a北京@c经济科学出版社@d2006 | |
| 215 | @a348页@d25cm | |
| 300 | @a区域经济理论与政策 | |
| 330 | @a本书内容包括:导论、要素流动模型、经济增长模型、垂直联系模型、企业区位选择与区域经济增长、产业的扩散与集聚等。 | |
| 510 | 1 | @aA Textbook of Spatial Economics@zeng |
| 606 | 0 | @a区域经济学@j教材 |
| 606 | 0 | @a区域经济学 |
| 690 | @aF207@v4 | |
| 701 | 0 | @a安虎森@AAn Hu Sen@4主编 |
| 801 | 0 | @aCN@bTAOJIN@c20070518 |
| 905 | @a10447@dF207@e56 | |
| 空间经济学教程=A Textbook of Spatial Economics/安虎森主编.-北京:经济科学出版社,2006 |
| 348页;25cm |
| 区域经济理论与政策 |
| ISBN 7-5058-5996-X:CNY29.00 |
| 本书内容包括:导论、要素流动模型、经济增长模型、垂直联系模型、企业区位选择与区域经济增长、产业的扩散与集聚等。 |
| ● |
| 相关链接 |
|
|
|
|
正题名:空间经济学教程
索取号:F207/56
 
预约/预借
| 序号 | 登录号 | 条形码 | 馆藏地/架位号 | 状态 | 备注 |
| 1 | 0521412 | 205214123 | 第一样本阅览室/ [索取号:F207/56] | 在馆 | |
| 2 | 0521413 | 205214132 | 第一借阅区/ [索取号:F207/56] | 在馆 | |
| 3 | 0521414 | 205214141 | 第一借阅区/ [索取号:F207/56] | 在馆 | |
| 4 | 0521415 | 205214150 | 密集书库/ [索取号:F207/56] | 在馆 | |
| 5 | 0521416 | 205214169 | 第一借阅区/ [索取号:F207/56] | 在馆 | |
| 6 | 0521417 | 205214178 | 第一借阅区/ [索取号:F207/56] | 在馆 | |
| 7 | 0521418 | 205214187 | 第一借阅区/ [索取号:F207/56] | 在馆 | |
| 8 | 0521419 | 205214196 | 密集书库/ [索取号:F207/56] | 在馆 | |
| 9 | 0521420 | 205214203 | 密集书库/ [索取号:F207/56] | 在馆 |